000 00682nam a2200193 i 4500
001 23642
003 ES-MaACL
005 20230906152917.0
007 t|
008 021211s1978 sp ||||1| spa d
100 1 _aAmbou, Juan.
_921169
245 1 4 _aLos comunistas en la resistencia nacional republicana
_b: (la guerra en Asturias, el País Vasco y Santander) /
_cJuan Ambou.
260 _aMadrid :
_bHispamerca,
_c[1978]
300 _a341 p. ;
_c21 cm.
650 0 4 _aComunismo-
_zEspaña-
_y1931-1939.
_911218
651 4 _aEspaña-
_xHistoria-
_y1936-1939, Guerra civil-
_vRelatos personales.
_98326
852 _aES-MaACL
_jA-8848
_bR.97931
852 _aES-MaACL
_jA-9596
_bR.98963
999 _c23642
_d23642